000 00500nam a2200169 i 4500
001 146766
003 ES-MaACL
005 20230906201650.0
007 t|
008 070917s1969 sp ||||1| spa d
080 _a86 Arniches, Carlos 1.08
100 1 _aTrinidad, Francisco.
_9111448
245 1 0 _aArniches
_b: un estudio del habla popular madrileña /
_cpor Francisco Trinidad.
260 _aMadrid :
_bGóngora,
_c1969.
300 _a197 p. ;
_c24 cm.
852 _aES-MaACL
_jC-37699
_bR.72313
999 _c146766
_d146766